Представление документа в формате RUSMARC

ПолеНазваниеЗначение
  Тип записи a
  Библиографический уровень m
001 Контрольный номер RU/CBS_UL/BASE/1c210f8a39bd46d384781dab291ce7f8
005 Дата корректировки 20260421110312.7
010 Индекс ISBN __
a ISBN 978-5-17-151974-2
b Уточнения в пер.
d Цена 197 р. 67 к.
9 Тираж 2 000 экз.
100 Данные общей обработки __
a Данные общей обработки 20260421d 0rusy0189## ca
101 Язык документа 0_
a Язык текста rus
102 Страна публикации __
a Страна публикации RU
200 Заглавие и сведения об ответственности 1_
a Заглавие Суперсерия 72
e Сведения, относящиеся к заглавию история противостояния
f Первые сведения об ответственности К. Драйден [и др.]
g Последующие сведения об ответственности сост. С. Ю. Нечаев
210 Выходные данные 1_
a Место издания Москва
c Издательство АСТ
c Издательство Времена
d Дата издания 2022
215 Физическое описание __
a Объем 286, [1] с.
c Иллюстрации/тип воспроизводства ил.
d Формат 20,5 см.
225 Серия 2_
a Серия Звезды спорта
300 Общие примечания __
a Общие примечания 12+
600 Персоналии _1
a Персоналии (Фамилия) Третьяк
b Персоналии (Имя, инициалы) В. А.
600 Персоналии _1
a Персоналии (Фамилия) Якушев
b Персоналии (Имя, инициалы) А. С.
600 Персоналии _1
a Персоналии (Фамилия) Михайлов
b Персоналии (Имя, инициалы) Б. П.
600 Персоналии _1
a Персоналии (Фамилия) Эспозито
b Персоналии (Имя, инициалы) Ф.
600 Персоналии _1
a Персоналии (Фамилия) Драйден
b Персоналии (Имя, инициалы) К.
606 Тематические рубрики 0_
a Основная рубрика Хоккейная суперсерия СССР - Канада, 1972 - Воспоминания
610 Ключевые слова 0_
a Ключевые слова хоккей; хоккеисты знаменитые; спорт в СССР; звезды хоккея; воспоминания; история спорта; соперничество
686 Индексы других классификаций __
2 Код системы rubbk
a Классификационный индекс 75.579
701 Альтернативная интеллектуальная ответственность _1
a Фамилия Драйден
b Имя (инициалы) К.
701 Альтернативная интеллектуальная ответственность _1
a Фамилия Михайлов
b Имя (инициалы) К.
701 Альтернативная интеллектуальная ответственность _1
a Фамилия Третьяк
b Имя (инициалы) В.
701 Альтернативная интеллектуальная ответственность _1
a Фамилия Эспозито
b Имя (инициалы) Ф.
701 Альтернативная интеллектуальная ответственность _1
a Фамилия Якушев
b Имя (инициалы) А.
801 Источник записи _0
a Страна RU
b Организация МБУК ЦБС г. Ульяновска
c Дата составления 20260421
g Правила каталогизации RCR
801 Источник записи _1
a Страна RU
b Организация МБУК ЦБС г. Ульяновска
c Дата составления 20260421
g Правила каталогизации RCR
852 Данные о местонахождении __
i Авторский знак С 89
j Шифр хранения 75.5
900 Электронные ресурсы __
a Имя электронного ресурса суперсерия
901 Тип документа __
t Тип документа m
909 Создатель записи __
a Создатель записи obr4
b Дата создания записи 20260421